000
00272nam a2200121Ia 4500
008
190216s9999||||xx |||||||||||||| ||und||
100
_a
Anna Sewell
245
0
_a
Black Beauty
260
_b
E J Arnold & Son Ltd
_c
1956
300
_a
96p
650
_a
Speeches
942
_c
BK
999
_c
11936
_d
11936